Yo maté a Sherezade (Registro nro. 240973)

Detalles MARC
000 -ENCABEZADO
Número de control [NR] 01175cam a2200289Ma 4500
005 - FECHA Y HORA DE LA ÚLTIMA TRANSACCIÓN
control field 20190130073953.0
008 - DE LONGITUD FIJA DE DATOS DE ELEMENTOS - INFORMACIÓN GENERAL
Elementos de longitud fija [NR] 140521s2011 sp fr 000 0 spa d
020 ## - NUMERO INTERNACIONAL NORMALIZADO PARA LIBROS [R]
Número Internacional Normalizado del libro [NR] 9789871786053
020 ## - NUMERO INTERNACIONAL NORMALIZADO PARA LIBROS [R]
Número Internacional Normalizado del libro [NR] 9789588613239
040 ## - FUENTE DE CATALOGACION [NR]
Agencia de catalogación original [NR] CO-BoUCM
Idioma de catalogación [NR] spa
Quien Cataloga Saul Niño (Modificó)
Quien Clasifica Jose A. Gerena
041 1# - CODIGO DE IDIOMA [R]
Código de idioma para texto/pista de sonido o título separado [R] Español
100 1# - ASIENTO PRINCIPAL--NOMBRE PERSONAL [NR]
Nombre personal [NR] Haddad, Joumana
Fechas asociadas con el nombre [NR] 1970-
ID Autoridad 43523
245 10 - MENCION DE TITULO [NR]
Título [NR] Yo maté a Sherezade
Parte restante del título [NR] confesiones de una mujer árabe furiosa
Mención de responsabilidad, etc. [NR] Joumana Haddad ; traducción de Marta Mabres Vicens
260 ## - PUBLICACION, DISTRIBUCION, ETC. (PIE DE IMPRENTA) [R]
Lugar de publicación, distribución, etc. [R] Bogotá (Colombia)
-- Barcelona (España)
Nombre del editor, distribuidor, etc. [R] Random House Mondadori
Fecha de publicación, distribución, etc. [R] 2011
300 ## - DESCRIPCION FISICA [R]
Extensión [R] 141 páginas
490 ## - MENCION DE SERIE [R]
Mención de serie [R] Debate
600 1# - ASIENTO SECUNDARIO DE MATERIA - NOMBRE PERSONAL [R]
Nombre personal [NR] Haddad, Joumana
Fechas asociadas con el nombre [NR] 1970-
Subdivisión general [R] Autobiografías
9 (RLIN) 61414
650 #7 - ASIENTO SECUNDARIO DE MATERIA - TERMINO TEMATICO [R]
Término temático o nombre geográfico como elemento de entrada [NR] Mujeres en el islamismo
9 (RLIN) 19908
Subdivisión de forma [R] Ensayos
650 #7 - ASIENTO SECUNDARIO DE MATERIA - TERMINO TEMATICO [R]
Término temático o nombre geográfico como elemento de entrada [NR] Mujeres
9 (RLIN) 36975
Subdivisión general [R] Condiciones sociales
Subdivisión de forma [R] Ensayos
650 #7 - ASIENTO SECUNDARIO DE MATERIA - TERMINO TEMATICO [R]
Término temático o nombre geográfico como elemento de entrada [NR] Mujeres
9 (RLIN) 58169
Subdivisión general [R] Derechos civiles
Subdivisión geográfica [R] Paises árabes
Subdivisión de forma [R] Ensayos
650 #7 - ASIENTO SECUNDARIO DE MATERIA - TERMINO TEMATICO [R]
Término temático o nombre geográfico como elemento de entrada [NR] Mujeres en la literatura
9 (RLIN) 19920
650 #7 - ASIENTO SECUNDARIO DE MATERIA - TERMINO TEMATICO [R]
Término temático o nombre geográfico como elemento de entrada [NR] Literatura árabe
9 (RLIN) 18606
700 1# - ASIENTO SECUNDARIO - NOMBRE PERSONAL [R]
Nombre personal [NR] Mabres, Marta
Término de relación [R] ilustrador
9 (RLIN) 61415
765 ## - ASIENTO DE IDIOMA ORIGINAL [R]
Título [NR] I kelled Scheherazade. Confessions of an angry arab woman
942 ## - ELEMENTOS DE ENTRADA AGREGADOS (KOHA)
Sistema de clasificación DEWEY
Tema principal Literatura
Tipo de ítem principal el descrito en 300a Libro
Edición 1
Clasificación 892.76
Parte restante de la signatura top. H126y
Existencias
Fecha de último préstamo Total préstamos Total Renewals Signatura topográfica Código de barras Última vez visto Ejemplar Costo de reposición Price effective from Tipo de ítem Perdido Sistema de clasificación Dañado No prestable Tipo de ítem específico Suprimido Ubicación habitual Ubicación actual Localización Fecha de creación Proveedor Forma de adquisición Costo
29/08/2014 3 6 892.76 H126y 100135726 09/12/2025 Ej.1 29750.00 05/08/2013 Libro   DEWEY     Libro   Claustro Claustro 2do piso 05/08/2013 9 Compra 29750.00
08/02/2022 2 3 892.76 H126y 100141911 15/12/2025 Ej.2 34126.00 14/05/2014 Libro   DEWEY     Libro   Claustro Claustro 2do piso 14/05/2014 37 Compra 34126.00